| 000 | 00355nam a2200133Ia 4500 | ||
|---|---|---|---|
| 008 | 240624s9999 xx 000 0 und d | ||
| 041 | _aeng | ||
| 082 | _a338.9 REI | ||
| 100 | _aREINERT ERIK S | ||
| 245 | _aHANDBOOK OF ALTERNATIVE THEORIES OF ECON | ||
| 260 |
_c2016 _aUnited Kingdom _bEdward Elgar |
||
| 300 | _axxxvi, 812 p.; 23 cm. | ||
| 365 |
_cRS _b33 |
||
| 999 |
_c32258 _d32258 |
||